Jambu batu di Malaysia : Pengeluaran, perosak dan penyakit

Bibliographic Details
Main Author: LIM
Other Authors: Foo, KHOO, Seo, Tan
Format: Book
Published: Kuala Lumpur : DBP , 1995
Subjects:

MARC

LEADER 00000cam a2200000 7i4500
001 0000001113
005 20011204.0
020 0 0 |a 9836241302 
090 0 0 |a 634.421   |b LIM 1995 
100 1 0 |a LIM   |h Tong Kwee 
245 1 0 |a Jambu batu di Malaysia :   |b Pengeluaran, perosak dan penyakit   |c Lim Tong Kwee, Khoo Khay Chong   |f penterjemah Foo Hee Boon, Seo Wei Ming, Tan Bee Leng 
260 0 0 |a Kuala Lumpur :   |b DBP ,   |c 1995 
300 |a xxvi, 305 p. :   |b col. ill. ;   |c 24 cm. 
500 0 0 |a Includes bibliographical references and index 
650 0 0 |a Fruit   |x Diseases and pests   |z Malaysia 
650 0 0 |a Guava industry   |z Malaysia 
650 0 0 |a Guava   |z Malaysia 
700 0 1 |a Foo   |h Hee Boon 
700 0 1 |a KHOO   |h Khay Chong 
700 0 1 |a Seo   |h Wei Ming 
700 0 1 |a Tan   |h Bee Leng 
998 |a JPSM 
999 |a 0000002040   |b Monograph   |c Open Shelf   |e Default branch